Anatidaes - Statistics

General Stats
  • This quiz has been taken 5 times
  • The average score is 5 of 12
Answer Stats
Picture Answer % Correct
Mallard
100%
Swan
100%
Mandarin Duck
60%
Black Swan
40%
Common Shelduck
40%
Domestic Duck
40%
Eider
40%
Muscovy Duck
40%
Domestic Goose
20%
Ogari
20%
Spur-winged Goose
20%
White-faced Whistling Duck
20%
No matching quizzes found
Score Distribution
Percent of People with Each Score
Percentile by Number Answered
Your Score History
You have not taken this quiz